Questions logiques, réponses logiques - Statistiques

Statistiques générales
  • Ce quiz a été pris 201 fois
    170 depuis la dernière actualisation
  • Le résultat moyen est 5 sur 5
Statistiques - réponses
Question Réponse % Correct
Quel était le prénom de Louis de Funès en sachant que "Louis de Funès" est son vrai nom et prénom ? Louis
99%
Combien font deux plus deux ? Quatre
99%
Pourquoi Napoléon I est-il mort ? Car c'est un humain, et tous les humains meurent
98%
A quoi sert un cure-dent ? Un cure-dent sert à curer ses dents.
98%
En sachant que les insectes sont des hexapodes (qui en grec, signifie "six pattes"), combien les insectes ont-elles de pattes ? Six
97%
Aucun quiz correspondant
Distribution des résultats
% des personnes avec chaque résultat
Percentile par nombre de réponses
Votre historique - résultats
Vous n’avez pas pris ce quiz depuis la dernière actualisation